000 00576nam a2200181Ia 4500
008 100920s9999 xx 000 0 und d
082 _b24399
_a320 थ 72
100 _a---
245 _aनिवडक अश्मसार.
260 _bविश्वमोहिनी प्रकाशन, पुणे 4.
_c1972
300 _a279
_bसाधी
365 _b15
520 _aराजकारण.
630 _aनिवडक अश्मसार.
650 _aराजकारण.
730 _aनिवडक अश्मसार.
942 _cBOOK
999 _c682817
_d682814